World Of Tanks General Knowledge - Statistics

General Stats
  • This quiz has been taken 1,416 times
    1,411 since last reset
  • The average score is 6 of 19
Answer Stats
Hint Answer % Correct
How many Nations are there? 6
86%
What does SPG stand for? Self Propelled Gun
71%
Which comany owns WoT? wargaming
58%
On average how many noobs can you expect on your team? 14
56%
How much credits and experience do you get with premium? 150%
43%
What is the first gun statistic that the gunner increases? accuracy
39%
Which nation has heavies typified by weak armour and powerful guns? France
38%
The T29 has the best ______ ______ for tier 7 and 8 heavies Turret Armour
38%
How many defense points do you need to get the "defender" medal? 70%
35%
Which item of equipment increases view range by 25% when stationary? Binocular Telescope
35%
What is the second? aiming speed
32%
what is the achivement for destroying 12 tanks between a platoon? Crucial Contribution
21%
Which urban map has 2 main approaches with a North-South railway line? Ensk
17%
Which low tier SPG has a traversable turret? SU-26
13%
What is the fastest, most manouverable tank? T-50-2
12%
Which gun is feared by lower tiers as a one shotter, on a tier 5 medium tank? 105mm SPH M4L23
11%
What is the most common tank in medium level tank companies? KV-1S
6%
Which tank has the nickname "the tumour" Somua SAu-40
2%
Which premium tier 8 tank is widely considered overpowered and deadly? Type 59
1%
No matching quizzes found
Score Distribution
Percent of People with Each Score
Percentile by Number Answered
Your Score History
You have not taken this quiz since the last reset